Boletín de las leyes i decretos del gobierno: 1881
Gespeichert in:
| Format: | Buch |
|---|---|
| Sprache: | Spanisch |
| Veröffentlicht: |
Santiago
Nacional
1881
|
| Schlagworte: | |
| Tags: |
Tag hinzufügen
Keine Tags, Fügen Sie den ersten Tag hinzu!
|
MARC
| LEADER | 00000nam a2200000 a 4500 | ||
|---|---|---|---|
| 001 | UCR1492 | ||
| 003 | CL-VaPUC | ||
| 005 | 20250324180151.0 | ||
| 008 | 971219e18810000CL |||||||||||||||||spa|d | ||
| 999 | |c 264894 |d 264892 | ||
| 040 | |c Pontificia Universidad Católica de Valparaíso | ||
| 082 | 0 | 4 | |a 348.022 |b BOL |2 21 |
| 245 | 1 | 0 | |a Boletín de las leyes i decretos del gobierno: 1881 |
| 260 | |a Santiago |b Nacional |c 1881 | ||
| 300 | |a v | ||
| 583 | |a last modification |c 20160829 10:07:49 |k Rodrigo Vera | ||
| 650 | 7 | |a Decretos leyes |2 CL-VaPUC |9 398634 |z Chile |v Publicaciones periódicas | |
| 650 | 0 | |a Derecho |9 255162 |z Chile |v Fuentes |y Siglo 19 | |
| 651 | 7 | |2 CL-VaPUC |9 398635 | |
| 942 | |c BK |2 ddc | ||
| 945 | |d 19971219 00:00:00 |a lriquelm | ||
| 952 | |0 0 |1 0 |4 0 |6 348_022000000000000_BOL_1881 |7 0 |8 X |9 295469 |a BIBDER |b BIBDER |d 2019-11-20 |h v.49 |i 1926225 |o 348.022 BOL 1881 |p 1926225 |r 2023-01-25 |w 2019-11-20 |y BK_X |k DER | ||
| 952 | |0 0 |1 0 |4 0 |6 348_022000000000000_BOL_1881 |7 0 |8 DER_HDC |9 295470 |a BIBDER |b BIBDER |d 2019-11-20 |h v.49 |i 1927566 |o 348.022 BOL 1881 |p 1927566 |r 2023-01-25 |w 2019-11-20 |x Ubicación 4to Piso |y BK_X |z Estos recursos deben solicitarse con anticipación |k DER | ||
| 952 | |0 0 |1 0 |4 0 |6 348_022000000000000_BOL_1881 |7 0 |8 X |9 295471 |a BIBHIS |b BIBHIS |d 2019-11-20 |h v.49 |i 2842408 |o 348.022 BOL 1881 |p 2842408 |r 2024-01-30 |w 2019-11-20 |y BK_X |k HIS | ||